000 00969nmm a2200361 a 4500
003 AR-BaBNM
005 20251128210938.0
008 181120s1997 ||||||||||||||000 | spa||
020 _a950-701-039-4
040 _cAR-BaBNM
100 1 _aForero, María Teresa
245 1 0 _aPáginas con Santa Fe
_bantología
250 _a4ª ed.
260 _aBuenos Aires
_bAique
_c1997
300 _a125 p.
_bil., fot.
500 _aContiene datos sobre los autores
650 4 _aLITERATURA ARGENTINA
650 4 _aLITERATURA INFANTIL
650 4 _aLIBROS PARA NINOS
650 4 _aCUENTOS
650 4 _aPOESIA
650 4 _aENTREVISTAS
650 4 _aACTIVIDADES DE APRENDIZAJE
650 4 _aLITERATURA FOLKLORICA
650 4 _aANTOLOGIAS
651 4 _aSanta Fe
653 _aEDUCACION PRIMARIA
653 _aENSENANZA DE LA LITERATURA
655 _aLITERATURA
700 1 _aVillaverde de Nessier, María del Carmen
942 _cBK
998 _cRAQUEL
999 _c17576
_d17576